Sutton LBC v Bolton and another (Record no. 44267)

MARC details
000 -LEADER
fixed length control field 01748cab a2200265 4500
001 - CONTROL NUMBER
control field ABS49223
008 - FIXED-LENGTH DATA ELEMENTS--GENERAL INFORMATION
fixed length control field 090401t1993 xxu||||| |||| 00| 0 eng d
035 ## - SYSTEM CONTROL NUMBER
System control number (Sirsi) u70397
041 ## - LANGUAGE CODE
Language code of text/sound track or separate title eng
245 ## - TITLE STATEMENT
Title Sutton LBC v Bolton and another
260 ## - PUBLICATION, DISTRIBUTION, ETC.
Date of publication, distribution, etc. 1993
350 ## - PRICE (NR) (BK AM CF MU VM SE) [OBSOLETE]
Price 0
490 ## - SERIES STATEMENT
Series statement Estates Gazette
Volume/sequential designation (1993) 33 EG 91-93(3)
520 ## - SUMMARY, ETC.
Summary, etc. ChD 3 February 1993. The plaintiffs (S) were the freeholders of 1.5 acres of land. The conveyance of 1950 had been subject to various restrictive covenants which included one that stating that not more than one house could be built per acre. B were treated as entitled to the benefit of the covenant. In 1981 S decided to discontinue the property`s current use and sell the house and land. Outline planning permission was obtained for the erection of 10 detached two storey houses. Following B`s claim to the benefit of the restricted covenants S passed a resolution that pursuant to Local Government Act 1972 s122 the house should be `appropriated from social services to planning purposes`. S hoped this would mean they benefited from Town and Country Planning Act 1971 s127 which provides for the overriding of easements and other rights on land which have been appropiated by a local authority for planning purposes. B contended that S had to show they had acquired the land for some purpose co
650 ## - SUBJECT ADDED ENTRY--TOPICAL TERM
Topical term or geographic name entry element CHILDRENS HOME
650 ## - SUBJECT ADDED ENTRY--TOPICAL TERM
Topical term or geographic name entry element LOCLA GOVERNMENT ACT 1972 S122
650 ## - SUBJECT ADDED ENTRY--TOPICAL TERM
Topical term or geographic name entry element LONDON GOVERNMENT ACT 1963
650 ## - SUBJECT ADDED ENTRY--TOPICAL TERM
Topical term or geographic name entry element OUTLINE PLANNING PERMISSION
650 ## - SUBJECT ADDED ENTRY--TOPICAL TERM
Topical term or geographic name entry element RESTRICTIVE COVENANTS
650 ## - SUBJECT ADDED ENTRY--TOPICAL TERM
Topical term or geographic name entry element TOWN AND COUNTRY PLANNING ACT 1971 S127
650 ## - SUBJECT ADDED ENTRY--TOPICAL TERM
Topical term or geographic name entry element TOWN AND COUNTRY PLANNING ACT 1990 S237
690 ## - LOCAL SUBJECT ADDED ENTRY--TOPICAL TERM (OCLC, RLIN)
Topical term or geographic name as entry element PLANNING LAW AND PRACTICE-CASE LAW
942 ## - ADDED ENTRY ELEMENTS (KOHA)
Suppress in OPAC 0
948 ## - LOCAL PROCESSING INFORMATION (OCLC); SERIES PART DESIGNATOR (RLIN)
c (OCLC) 04/03/1997
Holdings
Withdrawn status Lost status Source of classification or shelving scheme Damaged status Not for loan Home library Current library Shelving location Date acquired Total Checkouts Full call number Barcode Date last seen Copy number Price effective from Koha item type
    Dewey Decimal Classification     London London Journal article 14/09/1999   ABS49223 70397-1001 06/08/2019 1 06/08/2019 Law report